Statistics for MLB Randomized Teams

Click here to take the quiz!

General Stats

  • This quiz has been taken 17 times
  • The average score is 6 of 6

Answer Stats

HintAnswer% Correct
Minnesota TwinsAL Central
100%
Detroit TigersAL Central
100%
Boston Red SoxAL East
100%
New York YankeesAL East
100%
Tampa Bay RaysAL East
100%
Baltimore OriolesAL East
100%
Toronto Blue JaysAL East
100%
Los Angeles AngelsAL West
100%
Seattle MarinersAL West
100%
Milwaukee BrewersNL Central
100%
Cincinnati RedsNL Central
100%
Chicago CubsNL Central
100%
New York MetsNL East
100%
Atlanta BravesNL East
100%
Philadelphia PhilliesNL East
100%
San Francisco GiantsNL West
100%
Los Angeles DodgersNL West
100%
Arizona DiamondbacksNL West
100%
Cleveland GuardiansAL Central
50%
Kansas City RoyalsAL Central
0%
Chicago White SoxAL Central
0%
Oakland AthleticsAL West
0%
Houston AstrosAL West
0%
Texas RangersAL West
0%
Pittsburgh PiratesNL Central
0%
St. Louis CardinalsNL Central
0%
Miami MarlinsNL East
0%
Washington NationalsNL East
0%
Colorado RockiesNL West
0%
San Diego PadresNL West
0%

Score Distribution

Percentile by Number Answered

Percent of People with Each Score

Your Score History

You have not taken this quiz